The cottage on Pelican Bay / Brenda Jackson.
Available copies
- 3 of 3 copies available at LARL/NWRL Consortium.
- 2 of 2 copies available at Lake Agassiz Regional Library. (Show preferred library)
Current holds
0 current holds with 3 total copies.
Show Only Available Copies
| Location | Call Number / Copy Notes | Barcode | Shelving Location | Status | Due Date |
|---|---|---|---|---|---|
| Crookston Public Library | JAC (Text) | 33500014041768 | Main | Available | - |
| Moorhead Public Library | JAC (Text) | 33500014041776 | Main | Available | - |
| Thief River Falls Public Library | JAC (Text) | 35500006805616 | Main | Available | - |
Record details
- ISBN: 9781335474971
- ISBN: 1335474978
- Physical Description: 316 pages ; 21 cm.
- Publisher: Toronto, Ontario : Canary Street Press, [2024]
- Copyright: ©2024
Content descriptions
| Summary, etc.: | Two years ago, Zara Miller found herself ... Read More |
Search for related items by subject
| Subject: | Man-woman relationships > Fiction. Dating (Social customs) > Fiction. Louisiana > Fiction. Black interest. |
| Genre: | Romance fiction. |
Search for related items by series
| LDR | 02470cam a2200373 i 4500 | ||
|---|---|---|---|
| 001 | 433988 | ||
| 003 | LARL_NWRL_CONSORTIUM | ||
| 005 | 20240814151419.0 | ||
| 008 | 240809t20242024onc e 000 1 eng d | ||
| 040 | . | ‡aON8 ‡beng ‡erda ‡cON8 ‡dOCLCO ‡dIUO ‡dOCLCO | |
| 020 | . | ‡a9781335474971 ‡q(paperback) | |
| 020 | . | ‡a1335474978 ‡q(paperback) | |
| 035 | . | ‡a(OCoLC)1451711652 | |
| 100 | 1 | . | ‡aJackson, Brenda ‡q(Brenda Streater), ‡eauthor. ‡1https://id.oclc.org/worldcat/entity/E39PBJjmWDrMVBp3B6wD3VdG73 ‡0(LARL_NWRL_CONSORTIUM)204189 |
| 245 | 1 | 4. | ‡aThe cottage on Pelican Bay / ‡cBrenda Jackson. |
| 264 | 1. | ‡aToronto, Ontario : ‡bCanary Street Press, ‡c[2024] | |
| 264 | 4. | ‡c©2024 | |
| 300 | . | ‡a316 pages ; ‡c21 cm. | |
| 336 | . | ‡atext ‡btxt ‡2rdacontent | |
| 337 | . | ‡aunmediated ‡bn ‡2rdamedia | |
| 338 | . | ‡avolume ‡bnc ‡2rdacarrier | |
| 490 | 0 | . | ‡aCatalina Cove ; ‡v7 |
| 520 | . | ‡aTwo years ago, Zara Miller found herself heartbroken and stranded in a New Orleans hotel bar with a sexy stranger named "Saint." One thing led to another and to a night of unforgettable pleasure. Though contact info wasn't exchanged--no strings attached--Zara hasn't been able to stop thinking about him or that one scorching night ever since. Now she's returned to her hometown of Catalina Cove only to discover that her brother's new hire is Evans "Saint" Toussaint, the one-night man she can't forget.Though Saint, like Zara, grew up in Catalina Cove, they'd never crossed paths. Now all of a sudden they can't seem to avoid each other. Despite an enduring attraction, Zara and Saint decide to keep their spicy secret in the past. Everybody knows everybody's business in Catalina Cove, and they don't need everybody knowing theirs--especially since they've both been burned in the past.But when their intense desire becomes impossible to ignore, they escape to Zara's secluded cottage on Pelican Bay, where they're free to explore whether their casual connection might actually be the lasting love they've both been missing. | |
| 650 | 0. | ‡aMan-woman relationships ‡vFiction. ‡0(LARL_NWRL_CONSORTIUM)165985 | |
| 650 | 0. | ‡aDating (Social customs) ‡vFiction. ‡0(LARL_NWRL_CONSORTIUM)164536 | |
| 651 | 0. | ‡aLouisiana ‡vFiction. ‡0(LARL_NWRL_CONSORTIUM)165962 | |
| 650 | 7. | ‡aBlack interest. ‡2local | |
| 655 | 7. | ‡aRomance fiction. ‡2lcgft | |
| 901 | . | ‡a433988 ‡bOCoLC ‡c433988 ‡tbiblio ‡soclc | |

Add to basket
Permalink
Disable Highlighting